[Event "4NCL/Div3/NOTT2 vs. AMCAH"]
[Site "Daventry ENG"]
[Date "2009.05.02"]
[Round "9.1"]
[White "Combie, Alexander"]
[Black "Moore, Andrew"]
[Result "1/2-1/2"]
[WhiteElo "1944"]
[BlackElo "1845"]
[PlyCount "66"]
[EventDate "2009.05.02"]
[EventCountry "ENG"]
[SourceDate "2008.10.04"]

1. d4 Nf6 2. c4 c5 3. d5 b5 4. cxb5 a6 5. e3 axb5 6. Bxb5 Qa5+ 7. Nc3 Ba6 8.
Bxa6 Nxa6 9. Nge2 g6 10. O-O Bg7 11. e4 d6 12. h3 O-O 13. Be3 Rfb8 14. Rb1 Nc7
15. a4 Rb4 16. Qc2 Rab8 17. b3 Qb6 18. Nc1 Nd7 19. f3 Bxc3 20. Qxc3 Rxa4 21.
bxa4 Qxb1 22. Rf2 Qb4 23. Qxb4 Rxb4 24. Ra2 Nb6 25. a5 Nc4 26. Kf2 Na6 27. Bd2
Rb5 28. Bc3 e6 29. dxe6 fxe6 30. Ke2 d5 31. exd5 exd5 32. Kd3 Nd6 33. Rb2 Rxb2
1/2-1/2

[Event "4NCL/Div3/NOTT2 vs. AMCAH"]
[Site "Daventry ENG"]
[Date "2009.05.02"]
[Round "9.2"]
[White "Marley, Andrew"]
[Black "Thompson, Brian"]
[Result "0-1"]
[WhiteElo "1805"]
[BlackElo "1953"]
[PlyCount "92"]
[EventDate "2009.05.02"]
[EventCountry "ENG"]
[SourceDate "2008.10.04"]

1. d4 Nf6 2. c4 g6 3. Nf3 Bg7 4. g3 c6 5. Bg2 O-O 6. O-O d6 7. Nc3 Nbd7 8. e4
e5 9. d5 Nc5 10. Qc2 cxd5 11. cxd5 a5 12. Be3 b6 13. h3 Ba6 14. Rfd1 Rc8 15.
Ne1 b5 16. Bxc5 Rxc5 17. Qe2 Qc8 18. Qe3 Qb7 19. Rac1 Rfc8 20. Nd3 R5c7 21. Ne2
b4 22. Rxc7 Rxc7 23. Rc1 Rxc1+ 24. Ndxc1 Qc7 25. Qd2 Qc4 26. f3 Qc5+ 27. Kh2
Qf2 28. Nd3 Bxd3 29. Qxd3 Bh6 30. Qd1 Nh5 31. Qf1 Qe3 32. Qd1 Nf6 33. Qc2 Qd2
34. Qxd2 Bxd2 35. f4 Nd7 36. fxe5 Nxe5 37. Nd4 Be3 38. Nb5 Bc5 39. Bf1 Nf3+ 40.
Kg2 Ne1+ 41. Kh2 Kg7 42. a4 bxa3 43. Nxa3 Bxa3 44. bxa3 Kf6 45. Bg2 Ke5 46. Bh1
Nd3 0-1

[Event "4NCL/Div3/NOTT2 vs. AMCAH"]
[Site "Daventry ENG"]
[Date "2009.05.02"]
[Round "9.3"]
[White "Taylor, Robert P"]
[Black "Periasamymanjula, Mani"]
[Result "1-0"]
[WhiteElo "1956"]
[BlackElo "1722"]
[PlyCount "97"]
[EventDate "2009.05.02"]
[EventCountry "ENG"]
[SourceDate "2008.10.04"]

1. d4 Nf6 2. Nf3 d5 3. Bg5 c6 4. Nbd2 Bf5 5. e3 e6 6. Be2 Nbd7 7. O-O h6 8. Bf4
Nh5 9. Ne5 Nxf4 10. exf4 Nxe5 11. fxe5 h5 12. f4 h4 13. Bg4 g5 14. c3 gxf4 15.
Bxf5 exf5 16. Rxf4 Qg5 17. Rf3 Bh6 18. Nf1 O-O-O 19. Qe2 Rde8 20. c4 dxc4 21.
Qxc4 Rhg8 22. Qc2 f4 23. Qf2 Re6 24. Re1 Reg6 25. Re2 Qh5 26. g3 hxg3 27. hxg3
fxg3 28. Qg2 Qh4 29. Rd3 Bf4 30. d5 cxd5 31. Rxd5 Rh8 32. Rc2+ Kb8 33. Rd7 Rb6
34. Rcc7 Be3+ 35. Nxe3 Qh2+ 36. Kf1 Qxg2+ 37. Kxg2 Rxb2+ 38. Kxg3 Rh5 39. Nc4
Rb4 40. Rxf7 Rh6 41. Nd6 Rg6+ 42. Kf3 Rg8 43. Rxb7+ Rxb7 44. Rxb7+ Ka8 45. e6
Rg6 46. Re7 Kb8 47. Kf4 Rf6+ 48. Ke5 Rg6 49. Rb7+ 1-0

[Event "4NCL/Div3/NOTT2 vs. AMCAH"]
[Site "Daventry ENG"]
[Date "2009.05.02"]
[Round "9.4"]
[White "Ward, Matthew J"]
[Black "Graham, Neil"]
[Result "1-0"]
[WhiteElo "1760"]
[BlackElo "1925"]
[PlyCount "51"]
[EventDate "2009.05.02"]
[EventCountry "ENG"]
[SourceDate "2008.10.04"]

1. e4 e5 2. Nf3 Nf6 3. Nxe5 d6 4. Nf3 Nxe4 5. d4 d5 6. Bd3 Be7 7. O-O Nc6 8. c4
Nf6 9. Nc3 Bg4 10. Be3 Nb4 11. Be2 O-O 12. a3 Nc6 13. Ne5 Bxe2 14. Qxe2 Nxe5
15. dxe5 Nd7 16. Nxd5 Nxe5 17. Rad1 Nd7 18. Bf4 Bd6 19. Bxd6 cxd6 20. Qe7 Ne5
21. b3 Re8 22. Qxb7 Rb8 23. Qxa7 Rxb3 24. f4 Nxc4 25. Rfe1 h6 26. Qa4 1-0

[Event "4NCL/Div3/NOTT2 vs. AMCAH"]
[Site "Daventry ENG"]
[Date "2009.05.02"]
[Round "9.5"]
[White "Hill, Maurice J"]
[Black "Malhotra, Tarun"]
[Result "1-0"]
[WhiteElo "1870"]
[BlackElo "1730"]
[PlyCount "137"]
[EventDate "2009.05.02"]
[EventCountry "ENG"]
[SourceDate "2008.10.04"]

1. c4 e5 2. g3 Nf6 3. Bg2 c6 4. d4 Bb4+ 5. Bd2 Bxd2+ 6. Qxd2 exd4 7. Qxd4 O-O
8. Nc3 Re8 9. Nf3 Qc7 10. O-O d6 11. Rfd1 Rd8 12. e4 Be6 13. e5 Ne8 14. exd6
Rxd6 15. Qh4 Nd7 16. Rxd6 Nxd6 17. Ng5 Bf5 18. Qf4 h6 19. Nxf7 Kxf7 20. Rd1 Nc5
21. g4 Ne6 22. Qf3 Ng5 23. Qg3 Rc8 24. gxf5 Nxc4 25. Qxc7+ Rxc7 26. b3 Ne5 27.
f4 Ngf3+ 28. Kf2 Nxh2 29. fxe5 Ng4+ 30. Kg3 Ne3 31. Rd3 Nxf5+ 32. Kf4 Ne7 33.
Bh3 Ng6+ 34. Ke4 Nf8 35. Rd6 Ke7 36. Ne2 a5 37. Nd4 g6 38. Ne6 Nxe6 39. Rxe6+
Kf7 40. Rf6+ Kg7 41. Rd6 Re7 42. Rd7 Rxd7 43. Bxd7 Kf7 44. a4 Ke7 45. Bc8 b6
46. Bh3 Kd8 47. e6 Ke8 48. Ke5 Ke7 49. Bg2 c5 50. Be4 g5 51. Bf3 Ke8 52. Kf6 b5
53. Bc6+ Kd8 54. e7+ Kc7 55. e8=Q c4 56. Qd7+ Kb6 57. Qb7+ Kc5 58. Qxb5+ Kd4
59. Qxc4+ Ke3 60. Qe4+ Kd2 61. Qd4+ Ke2 62. Kf5 h5 63. Kxg5 h4 64. Kf4 h3 65.
Bf3+ Ke1 66. Qe3+ Kf1 67. Qe2+ Kg1 68. Qe1+ Kh2 69. Qh1# 1-0

[Event "4NCL/Div3/NOTT2 vs. AMCAH"]
[Site "Daventry ENG"]
[Date "2009.05.02"]
[Round "9.6"]
[White "Coates, Christine"]
[Black "Willoughby, Robert"]
[Result "0-1"]
[WhiteElo "1490"]
[BlackElo "1810"]
[PlyCount "76"]
[EventDate "2009.05.02"]
[EventCountry "ENG"]
[SourceDate "2008.10.04"]

1. d4 Nf6 2. Nf3 e6 3. Bf4 b6 4. e3 Bb7 5. Nbd2 d5 6. Bd3 Nbd7 7. O-O h6 8. h3
Ne4 9. Rc1 c5 10. c3 Be7 11. Ne5 O-O 12. Nxe4 dxe4 13. Bb1 Nf6 14. Ng4 Kh8 15.
Nxf6 Bxf6 16. Be5 Bxe5 17. dxe5 f5 18. Qxd8 Raxd8 19. Rfd1 Ba6 20. Rd6 Rxd6 21.
exd6 Bd3 22. f4 c4 23. b3 b5 24. bxc4 bxc4 25. Kf2 Rd8 26. d7 Rxd7 27. Bc2 Rb7
28. Ke1 Rb2 29. Bxd3 exd3 30. Kf1 Rc2 31. Rb1 Rxc3 32. Rb8+ Kh7 33. Rd8 Ra3 34.
Rd4 Rc3 35. a4 a5 36. Kg1 Rc2 37. Kh2 d2 38. Kg3 c3 0-1

[Event "4NCL/Div3/FPONTY vs. MIN"]
[Site "Daventry ENG"]
[Date "2009.05.02"]
[Round "9.1"]
[White "Gilbert, Jonathan A"]
[Black "Taylor, Robert K"]
[Result "1/2-1/2"]
[WhiteElo "2059"]
[BlackElo "2105"]
[PlyCount "47"]
[EventDate "2009.05.02"]
[SourceDate "2008.10.04"]

1. e4 c5 2. Nf3 d6 3. d4 Nf6 4. Nc3 Qa5 5. Bb5+ Bd7 6. Bxd7+ Nbxd7 7. Qe2 cxd4
8. Nxd4 g6 9. O-O Bg7 10. Be3 O-O 11. Nb3 Qd8 12. f4 b6 13. Rad1 Qc8 14. Bd4
Nc5 15. Nxc5 bxc5 16. Bxf6 Bxf6 17. Nd5 Rb8 18. Nxf6+ exf6 19. b3 Qe6 20. f5
Qe7 21. Qd3 Rb6 22. Qd5 Kg7 23. Rd3 Re8 24. Rfd1 1/2-1/2

[Event "4NCL/Div3/FPONTY vs. MIN"]
[Site "Daventry ENG"]
[Date "2009.05.03"]
[Round "9.2"]
[White "Perrett, David"]
[Black "Ackley, Peter"]
[Result "1/2-1/2"]
[WhiteElo "1960"]
[BlackElo "2092"]
[PlyCount "107"]
[EventDate "2009.05.02"]
[SourceDate "2008.10.04"]

1. d4 g6 2. g3 Bg7 3. c3 Nf6 4. Bg2 O-O 5. Nf3 d6 6. O-O Nbd7 7. Qc2 e5 8. dxe5
dxe5 9. e4 b6 10. c4 Re8 11. Nc3 c6 12. Be3 Qc7 13. Rfd1 Ng4 14. Bd2 Nc5 15. h3
Nf6 16. Be3 Bf8 17. Ng5 h6 18. Nf3 Ne6 19. Rd2 Bb7 20. Rad1 Rac8 21. Qb3 Nc5
22. Qc2 a5 23. Ne1 Rcd8 24. a3 Rxd2 25. Rxd2 Rd8 26. Qd1 Rxd2 27. Qxd2 h5 28.
f3 Nb3 29. Qd1 Nd4 30. Nd3 c5 31. a4 Bc6 32. Nd5 Nxd5 33. exd5 Be8 34. Bxd4
exd4 35. b3 Qxg3 36. Qe1 Qxe1+ 37. Nxe1 Kg7 38. Bf1 Kf6 39. Bd3 Bd7 40. Kg2 Bh6
41. Kg3 Bd2 42. Ng2 Bf5 43. Bxf5 Kxf5 44. Kf2 Bg5 45. Ke2 Be7 46. Kd3 g5 47.
Ke2 Ke5 48. Ne1 Bd6 49. Ng2 f5 50. Ne1 g4 51. Nd3+ Kf6 52. Kf2 gxf3 53. Kxf3
Kg5 54. Kg2 1/2-1/2

[Event "4NCL/Div3/FPONTY vs. MIN"]
[Site "Daventry ENG"]
[Date "2009.05.02"]
[Round "9.3"]
[White "Hawkins, Nick"]
[Black "Robinson, David"]
[Result "1/2-1/2"]
[WhiteElo "2028"]
[BlackElo "1989"]
[PlyCount "34"]
[EventDate "2009.05.02"]
[SourceDate "2008.10.04"]

1. e4 d5 2. exd5 Nf6 3. Be2 Qxd5 4. Nf3 c6 5. d4 Bf5 6. c4 Qd8 7. Nc3 e6 8. O-O
Be7 9. Bf4 O-O 10. Nh4 Be4 11. Nf3 Bg6 12. Ne5 Nbd7 13. Nxg6 hxg6 14. Qc2 Re8
15. Rad1 Qa5 16. Bd2 Qc7 17. g3 Rac8 1/2-1/2

[Event "4NCL/Div3/FPONTY vs. MIN"]
[Site "Daventry ENG"]
[Date "2009.05.03"]
[Round "9.4"]
[White "Hawkins, Nick"]
[Black "James, Dai"]
[Result "1/2-1/2"]
[WhiteElo "2028"]
[BlackElo "1994"]
[PlyCount "38"]
[EventDate "2009.05.02"]
[SourceDate "2008.10.04"]

1. d4 Nf6 2. Nf3 g6 3. Nc3 d5 4. Bf4 c6 5. h3 Bg7 6. e3 Bf5 7. Be2 Ne4 8. Nxe4
Bxe4 9. O-O Nd7 10. Nd2 Bf5 11. g4 Be6 12. Bg3 f5 13. f4 Nf6 14. b4 Qd7 15. g5
Ne4 16. Nxe4 fxe4 17. Bg4 h5 18. Bxe6 Qxe6 19. Kg2 O-O 1/2-1/2

[Event "4NCL/Div3/FPONTY vs. MIN"]
[Site "Daventry ENG"]
[Date "2009.05.02"]
[Round "9.5"]
[White "StClair, Allan"]
[Black "Barr, Gabriel"]
[Result "0-1"]
[WhiteElo "1941"]
[BlackElo "1820"]
[PlyCount "80"]
[EventDate "2009.05.02"]
[SourceDate "2008.10.04"]

1. d4 f5 2. e4 fxe4 3. Nc3 Nf6 4. Bg5 g6 5. Bxf6 exf6 6. Nxe4 d5 7. Ng3 Bh6 8.
Bd3 Be6 9. N1e2 O-O 10. O-O Nd7 11. c3 c6 12. Qc2 f5 13. Rae1 Nf6 14. Nc1 Qd7
15. Nb3 b6 16. f3 Rae8 17. Re2 Qd6 18. Rfe1 Bf4 19. Nf1 Nh5 20. c4 Bf7 21. cxd5
Rxe2 22. Rxe2 Bxd5 23. Bc4 Nf6 24. g3 Bh6 25. Ne3 Bxe3+ 26. Rxe3 b5 27. Bxd5+
Nxd5 28. Re5 f4 29. g4 Rf6 30. Nc5 Nb6 31. Qc3 Nd5 32. Qd2 Qd8 33. g5 Rf5 34.
Rxf5 gxf5 35. h4 Qd6 36. Nd3 Ne3 37. Qc3 Qd5 38. Ne5 Qxa2 39. Qxc6 Qb1+ 40. Kf2
Qf1# 0-1

[Event "4NCL/Div3/FPONTY vs. MIN"]
[Site "Daventry ENG"]
[Date "2009.05.03"]
[Round "9.6"]
[White "Warden, Peter"]
[Black "Barr, Gabriel"]
[Result "0-1"]
[WhiteElo "1472"]
[BlackElo "1820"]
[PlyCount "66"]
[EventDate "2009.05.02"]
[SourceDate "2008.10.04"]

1. e4 c5 2. Nf3 Nc6 3. d4 cxd4 4. Nxd4 d6 5. Nc3 e5 6. Nxc6 bxc6 7. Bd3 Nf6 8.
h3 Be7 9. O-O O-O 10. Re1 Qc7 11. Bg5 Be6 12. Qc1 Nh5 13. Ne2 d5 14. Bxe7 Qxe7
15. f4 Qc5+ 16. Kh2 dxe4 17. Bxe4 f5 18. Bf3 Nf6 19. Ng1 e4 20. Bd1 Nd5 21. c3
Rad8 22. Bb3 Rfe8 23. Ne2 Nc7 24. Nd4 Bxb3 25. Nxb3 Qd6 26. Na5 e3 27. g3 Qd5
28. Nb3 Qf3 29. Qc2 e2 30. Nd4 Qf2+ 31. Kh1 Rxd4 32. cxd4 Re3 33. Qxc6 Rxg3 0-1

[Event "4NCL/Div3/MIN vs. CELT2"]
[Site "Daventry ENG"]
[Date "2009.05.02"]
[Round "9.1"]
[White "Taylor, Robert K"]
[Black "Evans, Craig"]
[Result "1/2-1/2"]
[WhiteElo "2105"]
[BlackElo "2030"]
[PlyCount "52"]
[EventDate "2009.05.02"]
[SourceDate "2008.10.04"]

1. e4 e5 2. Nc3 Nf6 3. g3 h5 4. Bg2 h4 5. gxh4 Nc6 6. d3 Rxh4 7. Nf3 Rh8 8. Bg5
Bb4 9. Nd2 Bxc3 10. bxc3 d6 11. Nf1 Be6 12. d4 Na5 13. d5 Bd7 14. Qd3 Qe7 15.
Nd2 b6 16. Nb3 Nb7 17. Qa6 Bc8 18. Qd3 Qd7 19. Bxf6 gxf6 20. Qg3 Qg4 21. Bf3
Qh3 22. O-O-O Bd7 23. Qxh3 Rxh3 24. Rdg1 Ke7 25. Bg2 Rh4 26. Nd2 Rah8 1/2-1/2

[Event "4NCL/Div3/MIN vs. CELT2"]
[Site "Daventry ENG"]
[Date "2009.05.03"]
[Round "9.2"]
[White "Campbell, Ian"]
[Black "Evans, Craig"]
[Result "0-1"]
[WhiteElo "2025"]
[BlackElo "2030"]
[PlyCount "82"]
[EventDate "2009.05.02"]
[SourceDate "2008.10.04"]

1. d4 Nf6 2. Nf3 d6 3. c4 e5 4. dxe5 Ne4 5. Nbd2 Bf5 6. Nxe4 Bxe4 7. e3 Nc6 8.
exd6 Bxd6 9. a3 Qe7 10. Be2 O-O-O 11. Qb3 g5 12. Kf1 h5 13. Nd2 Bf5 14. Bf3 Bc5
15. Bd5 g4 16. Kg1 Rhe8 17. Nf1 h4 18. Bd2 Be4 19. h3 gxh3 20. Rxh3 Rg8 21. g3
Rxd5 22. cxd5 Ne5 23. f4 Nf3+ 24. Kf2 hxg3+ 25. Nxg3 Qd7 26. f5 Nxd2 27. Qc3
Bd6 28. Rh8 Bxg3+ 29. Ke2 Qb5+ 30. Kxd2 Rxh8 31. Qxh8+ Kd7 32. Qd4 Be5 33. Qxe4
Qxb2+ 34. Kd3 Qb3+ 35. Ke2 Bxa1 36. f6 Qb2+ 37. Kd1 Qxf6 38. Qa4+ Kd8 39. Qxa7
Qa6 40. Qb8+ Kd7 41. Qf8 Qd3+ 0-1

[Event "4NCL/Div3/MIN vs. CELT2"]
[Site "Daventry ENG"]
[Date "2009.05.02"]
[Round "9.3"]
[White "Wagner, Guy"]
[Black "Campbell, Ian"]
[Result "1/2-1/2"]
[WhiteElo "1830"]
[BlackElo "2025"]
[PlyCount "51"]
[EventDate "2009.05.02"]
[SourceDate "2008.10.04"]

1. Nf3 Nf6 2. c4 e6 3. g3 b6 4. Bg2 Bb7 5. Nc3 Be7 6. O-O O-O 7. Re1 d6 8. e4
Nbd7 9. d4 e5 10. Nd5 Re8 11. Bd2 Bf8 12. b4 c6 13. Nc3 Qc7 14. d5 Rac8 15. Rc1
Qb8 16. Bh3 Rc7 17. Qe2 a6 18. Rc2 cxd5 19. Bxd7 Rxd7 20. Nxd5 Nxd5 21. cxd5
Rc8 22. Rec1 Rdc7 23. Be3 Rxc2 24. Rxc2 b5 25. Qd3 Be7 26. Nd2 1/2-1/2

[Event "4NCL/Div3/MIN vs. CELT2"]
[Site "Daventry ENG"]
[Date "2009.05.03"]
[Round "9.4"]
[White "Wagner, Guy"]
[Black "Twitchell, Neville H"]
[Result "1-0"]
[WhiteElo "1830"]
[BlackElo "1976"]
[PlyCount "101"]
[EventDate "2009.05.02"]
[SourceDate "2008.10.04"]

1. Nf3 c5 2. c4 b6 3. g3 Bb7 4. Bg2 e6 5. Nc3 Nf6 6. O-O Be7 7. Re1 O-O 8. e4
d6 9. d4 cxd4 10. Nxd4 Qc8 11. b3 a6 12. Bb2 Nbd7 13. Rc1 Rd8 14. g4 Qb8 15. g5
Ne8 16. f4 e5 17. Nf5 Bf8 18. Nd5 Bxd5 19. exd5 f6 20. Rc3 exf4 21. Qh5 fxg5
22. Qxg5 Ne5 23. Rxe5 dxe5 24. Nh6+ Kh8 25. Nf7+ Kg8 26. Nxd8 Bc5+ 27. Kh1 Qxd8
28. Qxe5 Qd6 29. Rd3 Rd8 30. Bh3 h6 31. Be6+ Kh8 32. Qf5 Nc7 33. Qg6 Nxe6 34.
dxe6 Qc6+ 35. Rd5 Bf8 36. Qxh6+ Kg8 37. Qh5 Rxd5 38. Qxd5 Qxd5+ 39. cxd5 Bd6
40. Kg2 Kf8 41. Kf3 g6 42. Bd4 b5 43. Bb2 Ke7 44. h4 a5 45. Bc1 Kf6 46. Bxf4
Bb4 47. Ke4 a4 48. Bg5+ Kg7 49. Ke5 axb3 50. axb3 Bc5 51. d6 1-0

[Event "4NCL/Div3/MIN vs. CELT2"]
[Site "Daventry ENG"]
[Date "2009.05.02"]
[Round "9.5"]
[White "Twitchell, Neville H"]
[Black "Buttell, David"]
[Result "1-0"]
[WhiteElo "1976"]
[BlackElo "1714"]
[PlyCount "59"]
[EventDate "2009.05.02"]
[SourceDate "2008.10.04"]

1. e4 c5 2. a3 g6 3. b4 Bg7 4. Nc3 cxb4 5. axb4 e6 6. d4 Ne7 7. Nb5 d5 8. Bf4
Na6 9. Rxa6 bxa6 10. Nc7+ Kf8 11. Nxa8 Bb7 12. Nc7 e5 13. Ne6+ fxe6 14. dxe5
Ke8 15. Nf3 Rf8 16. g3 Qc8 17. Bh3 Qc3+ 18. Kf1 Qc4+ 19. Qe2 Qxb4 20. Ng5 a5
21. Nxe6 Rf7 22. Nc7+ Kf8 23. e6 Rxf4 24. gxf4 Qb6 25. Nxd5 Nxd5 26. exd5 Qb1+
27. Kg2 Bxd5+ 28. f3 Qb7 29. Rd1 Ke7 30. c4 1-0

[Event "4NCL/Div3/CELT2 vs. FPONTY"]
[Site "Daventry ENG"]
[Date "2009.05.02"]
[Round "9.1"]
[White "French, Angus"]
[Black "Perrett, David"]
[Result "1/2-1/2"]
[WhiteElo "2124"]
[BlackElo "1960"]
[PlyCount "60"]
[EventDate "2009.05.02"]
[SourceDate "2008.10.04"]

1. e4 Nf6 2. e5 Nd5 3. c4 Nb6 4. d4 d6 5. exd6 cxd6 6. Nc3 g6 7. Be3 Bg7 8. Rc1
O-O 9. b3 e5 10. dxe5 dxe5 11. Qxd8 Rxd8 12. c5 N6d7 13. Bc4 Nc6 14. Nf3 h6 15.
Ne4 Na5 16. Bb5 Nf8 17. Nd6 Ne6 18. O-O Nc7 19. Ba4 Nd5 20. Bd2 Nc6 21. Rfe1 f6
22. a3 Nce7 23. b4 Kh7 24. b5 Rb8 25. Nxc8 Rbxc8 26. Rc2 Nc7 27. Ba5 Rd3 28.
Ra2 Ne6 29. Bc2 Rd7 30. c6 bxc6 1/2-1/2

[Event "4NCL/Div3/CELT2 vs. FPONTY"]
[Site "Daventry ENG"]
[Date "2009.05.03"]
[Round "9.2"]
[White "Fathallah, Joe"]
[Black "Gilbert, Jonathan A"]
[Result "1/2-1/2"]
[WhiteElo "1964"]
[BlackElo "2059"]
[PlyCount "32"]
[EventDate "2009.05.02"]
[SourceDate "2008.10.04"]

1. d4 d5 2. c4 c6 3. Nc3 Nf6 4. Nf3 a6 5. cxd5 cxd5 6. Qb3 Nc6 7. Bf4 e6 8. e3
Bd6 9. Bxd6 Qxd6 10. Be2 O-O 11. O-O b5 12. Rac1 Bd7 13. Rfd1 Rfc8 14. Rd2 g6
15. Qd1 Kg7 16. Ne1 Na5 1/2-1/2

[Event "4NCL/Div3/CELT2 vs. FPONTY"]
[Site "Daventry ENG"]
[Date "2009.05.02"]
[Round "9.3"]
[White "Davis, Lee"]
[Black "Fathallah, Joe"]
[Result "0-1"]
[WhiteElo "1954"]
[BlackElo "1964"]
[PlyCount "112"]
[EventDate "2009.05.02"]
[SourceDate "2008.10.04"]

1. d4 f5 2. e4 fxe4 3. Nc3 Nf6 4. f3 d5 5. fxe4 dxe4 6. Bg5 Bf5 7. Bc4 Nc6 8.
Nge2 Na5 9. Bb5+ c6 10. Ng3 cxb5 11. Nxf5 Qd7 12. O-O b4 13. Bxf6 exf6 14. Nxe4
O-O-O 15. c3 Kb8 16. Qf3 Nc4 17. b3 Nd6 18. Nc5 Qxf5 19. Qxf5 Nxf5 20. Rxf5
bxc3 21. Rc1 Rxd4 22. Rxc3 Bxc5 23. Rfxc5 Rhd8 24. h3 a6 25. Rc7 R4d7 26. R7c5
g6 27. Kh2 Ka7 28. b4 Rd5 29. Rc7 R8d7 30. R7c4 Rd3 31. Rc1 Rd1 32. R1c3 R7d3
33. a3 Rxc3 34. Rxc3 Kb6 35. Kg3 a5 36. bxa5+ Kxa5 37. Rb3 b5 38. Kf3 Rd4 39.
Ke3 Rc4 40. Kd3 f5 41. Ke3 g5 42. Kd2 f4 43. g3 fxg3 44. Rxg3 Rh4 45. Kc2 h5
46. Re3 g4 47. hxg4 Rxg4 48. Re6 Rg2+ 49. Kb3 Rg3+ 50. Kb2 h4 51. Rh6 h3 52.
Ka2 b4 53. axb4+ Kxb4 54. Rb6+ Kc5 55. Rh6 Kd4 56. Kb2 Ke3 0-1

[Event "4NCL/Div3/CELT2 vs. FPONTY"]
[Site "Daventry ENG"]
[Date "2009.05.03"]
[Round "9.4"]
[White "StClair, Allan"]
[Black "Kitchen, Peter J"]
[Result "0-1"]
[WhiteElo "1941"]
[BlackElo "1895"]
[PlyCount "34"]
[EventDate "2009.05.02"]
[SourceDate "2008.10.04"]

1. d4 d5 2. Nf3 Nf6 3. Bf4 c5 4. c3 cxd4 5. Bxb8 Rxb8 6. Qa4+ Bd7 7. Qxa7 b6 8.
Ne5 e6 9. e3 dxe3 10. Bb5 exf2+ 11. Kxf2 Bc5+ 12. Ke1 O-O 13. Nxd7 Ne4 14. Qxb8
Qg5 15. Qe5 Qc1+ 16. Ke2 Qc2+ 17. Ke1 Bf2+ 0-1

[Event "4NCL/Div3/CELT2 vs. FPONTY"]
[Site "Daventry ENG"]
[Date "2009.05.02"]
[Round "9.5"]
[White "Kitchen, Peter J"]
[Black "Gilbert, Colin"]
[Result "1/2-1/2"]
[WhiteElo "1895"]
[BlackElo "1875"]
[PlyCount "40"]
[EventDate "2009.05.02"]
[SourceDate "2008.10.04"]

1. e4 c5 2. Nf3 Nc6 3. d4 cxd4 4. Nxd4 Nf6 5. Nc3 d6 6. Bc4 g6 7. f3 Bg7 8. Be3
O-O 9. Qd2 Bd7 10. O-O-O Rc8 11. Bb3 Ne5 12. Bh6 Nc4 13. Bxc4 Rxc4 14. Nde2 Qa5
15. h4 Rfc8 16. Bxg7 Kxg7 17. h5 g5 18. h6+ Kh8 19. Kb1 Qe5 20. Qe3 b5 1/2-1/2

[Event "4NCL/Div3/CELT2 vs. FPONTY"]
[Site "Daventry ENG"]
[Date "2009.05.03"]
[Round "9.6"]
[White "Pein, Jonathan"]
[Black "Gilbert, Colin"]
[Result "0-1"]
[WhiteElo "1495"]
[BlackElo "1875"]
[PlyCount "66"]
[EventDate "2009.05.02"]
[SourceDate "2008.10.04"]

1. e4 c5 2. Nf3 Nc6 3. d4 cxd4 4. Nxd4 Nf6 5. Nc3 e5 6. Ndb5 d6 7. Nd5 Nxd5 8.
exd5 Ne7 9. Qd3 a6 10. Nc3 Bf5 11. Qd2 Ng6 12. Bd3 Qd7 13. h3 Be7 14. Be2 Nf4
15. Bf1 Bg5 16. Qd1 Bf6 17. Bxf4 exf4 18. g4 fxg3 19. fxg3 O-O 20. Qd2 Rfe8+
21. Kd1 h6 22. Bd3 Bxh3 23. Bf1 Bg4+ 24. Be2 Bg5 25. Qd4 Bxe2+ 26. Nxe2 Bf6 27.
Qb4 Re5 28. Kd2 Rxd5+ 29. Ke1 Re8 30. Rh2 Rb5 31. Qa4 Bxb2 32. Rd1 Bc3+ 33. Kf1
Rf5+ 0-1

[Event "4NCL/Div3/FCA2 vs. AMCAD"]
[Site "Daventry ENG"]
[Date "2009.05.04"]
[Round "11.1"]
[White "Majer, Chris E"]
[Black "Norman, Kenneth I"]
[Result "0-1"]
[WhiteElo "2078"]
[BlackElo "2174"]
[PlyCount "96"]
[EventDate "2009.05.04"]
[EventCountry "ENG"]
[SourceDate "2008.10.04"]

1. e4 c5 2. d4 cxd4 3. c3 dxc3 4. Nxc3 Nc6 5. Nf3 e6 6. Bc4 a6 7. O-O Nge7 8.
Bg5 f6 9. Be3 b5 10. Bb3 Na5 11. Bxe6 dxe6 12. Qxd8+ Kxd8 13. Bb6+ Ke8 14. Bxa5
Nc6 15. Bb6 Bd6 16. Rac1 Bb7 17. Rcd1 Ke7 18. Rfe1 Rhc8 19. Re2 Ne5 20. Nxe5
Bxe5 21. Red2 Bc6 22. f3 Rab8 23. Bc5+ Ke8 24. Bd6 Bxd6 25. Rxd6 Ke7 26. a3 b4
27. axb4 Rxb4 28. R1d2 a5 29. Kf2 Rxb2 30. Rxe6+ Kxe6 31. Rxb2 Kd6 32. Nd5 Bxd5
33. exd5 Ra8 34. Ke3 a4 35. Kd4 a3 36. Ra2 h5 37. Kc4 g5 38. g3 f5 39. h3 Ra7
40. Kd4 Ra4+ 41. Kc3 Kxd5 42. Rd2+ Kc5 43. Ra2 Ra5 44. Kd3 Kb4 45. g4 fxg4 46.
hxg4 hxg4 47. fxg4 Kb3 48. Ra1 a2 0-1

[Event "4NCL/Div3/FCA2 vs. AMCAD"]
[Site "Daventry ENG"]
[Date "2009.05.04"]
[Round "11.2"]
[White "Purdon, Colin"]
[Black "Elwin, Adrian G"]
[Result "1/2-1/2"]
[WhiteElo "2096"]
[BlackElo "1998"]
[PlyCount "53"]
[EventDate "2009.05.04"]
[EventCountry "ENG"]
[SourceDate "2008.10.04"]

1. d4 d5 2. c4 e6 3. Nc3 c6 4. e3 Nf6 5. Nf3 dxc4 6. Bxc4 Nbd7 7. O-O Be7 8.
Qe2 b5 9. Bd3 a6 10. a4 b4 11. Ne4 Bb7 12. Rd1 Qc7 13. Nxf6+ Nxf6 14. e4 O-O
15. Bg5 h6 16. Bh4 Nh5 17. Bxe7 Qxe7 18. Qe3 Nf6 19. Rac1 Rac8 20. Nd2 e5 21.
dxe5 Ng4 22. Qe2 Nxe5 23. Bxa6 Bxa6 24. Qxa6 Ra8 25. Qe2 Rxa4 26. Nc4 b3 27.
Nxe5 1/2-1/2

[Event "4NCL/Div3/FCA2 vs. AMCAD"]
[Site "Daventry ENG"]
[Date "2009.05.04"]
[Round "11.3"]
[White "Williamson, Kevin J"]
[Black "Bonafont, Philip"]
[Result "1/2-1/2"]
[WhiteElo "2025"]
[BlackElo "2097"]
[PlyCount "62"]
[EventDate "2009.05.04"]
[EventCountry "ENG"]
[SourceDate "2008.10.04"]

1. d4 d5 2. Nc3 Nf6 3. Bg5 Nbd7 4. e3 g6 5. Bd3 Bg7 6. f4 b6 7. Nf3 Bb7 8. f5
Ne4 9. Bf4 a6 10. Ng5 Nxg5 11. Bxg5 c5 12. fxg6 hxg6 13. Qf3 Nf6 14. dxc5 bxc5
15. O-O O-O 16. Qh3 Qc8 17. Bf5 Qc6 18. Rf3 Bc8 19. Bxc8 Raxc8 20. Raf1 d4 21.
Bxf6 Bxf6 22. Rxf6 exf6 23. exd4 cxd4 24. Rf4 Kg7 25. Ne4 Rh8 26. Qd3 Qxc2 27.
Qxd4 Rc6 28. Rxf6 Rxf6 29. Qxf6+ Kg8 30. Qd8+ Kg7 31. Qf6+ Kg8 1/2-1/2

[Event "4NCL/Div3/FCA2 vs. AMCAD"]
[Site "Daventry ENG"]
[Date "2009.05.04"]
[Round "11.4"]
[White "Duvall, Ian"]
[Black "Kendall, Paul S N"]
[Result "1/2-1/2"]
[WhiteElo "2057"]
[BlackElo "2052"]
[PlyCount "64"]
[EventDate "2009.05.04"]
[EventCountry "ENG"]
[SourceDate "2008.10.04"]

1. d4 Nf6 2. c4 e6 3. Nc3 Bb4 4. e3 b6 5. Bd3 Bxc3+ 6. bxc3 Bb7 7. Nf3 d6 8.
Qc2 Nbd7 9. e4 e5 10. Bg5 h6 11. Bh4 Qe7 12. O-O O-O 13. Rae1 Rfe8 14. Nd2 g5
15. Bg3 Nf8 16. h4 Ng6 17. hxg5 hxg5 18. f3 Kg7 19. Kf2 Rh8 20. Rh1 Nh5 21. Nf1
Qf6 22. Ne3 Nxg3 23. Kxg3 Nh4 24. Ng4 Qf4+ 25. Kf2 Bc8 26. Ne3 Be6 27. Be2 Qf6
28. g3 Nxf3 29. Bxf3 g4 30. Nf5+ Bxf5 31. exf5 gxf3 32. Qe4 Rag8 1/2-1/2

[Event "4NCL/Div3/FCA2 vs. AMCAD"]
[Site "Daventry ENG"]
[Date "2009.05.04"]
[Round "11.5"]
[White "Matthews, Adrian"]
[Black "Hart, David"]
[Result "1/2-1/2"]
[WhiteElo "1926"]
[BlackElo "2029"]
[PlyCount "54"]
[EventDate "2009.05.04"]
[EventCountry "ENG"]
[SourceDate "2008.10.04"]

1. e4 c5 2. c3 d5 3. exd5 Qxd5 4. d4 Nf6 5. Nf3 Bg4 6. Nbd2 e6 7. Qa4+ Nbd7 8.
Bc4 Qd6 9. O-O cxd4 10. Nxd4 Be7 11. Bd3 O-O 12. Nc4 Qb8 13. Qc2 Nc5 14. Be2
Bxe2 15. Qxe2 Nd5 16. g3 Bf6 17. Ne3 Bxd4 18. cxd4 Nxe3 19. Bxe3 Nd7 20. Rac1
Nb6 21. Bf4 Qd8 22. Bc7 Qd5 23. Bxb6 axb6 24. Qc4 Qxc4 25. Rxc4 Rxa2 26. Rb4
Ra6 27. Rc1 g6 1/2-1/2